El complejo relaciones personales-redes sociales-contexto de interacción. Notas sobre un enfoque sociológico cuantitativo (Record no. 168435)
[ view plain ]
| 000 -CABECERA | |
|---|---|
| campo de control de longitud fija | 00792nab a2200205 a 4500 |
| 005 - FECHA Y HORA DE LA ÚLTIMA TRANSACCIÓN | |
| campo de control | 20210219162020.0 |
| 008 - ELEMENTOS DE LONGITUD FIJA--INFORMACIÓN GENERAL | |
| campo de control de longitud fija | 991125s1985 mx 000 0 spa u |
| 035 ## - NÚMERO DE CONTROL DEL SISTEMA | |
| Número de control de sistema | UPN01000196334 |
| 100 1# - ASIENTO PRINCIPAL--NOMBRE PERSONAL | |
| Nombre de persona | Martínez Escamilla, Victor Hugo |
| 222 ## - TÍTULO CLAVE | |
| Título clave | ARGUMENTOS : |
| Información calificativa | ESTUDIOS CRITICOS DE LA SOCIEDAD |
| 245 ## - MENCIÓN DE TÍTULO | |
| Título | El complejo relaciones personales-redes sociales-contexto de interacción. Notas sobre un enfoque sociológico cuantitativo |
| 260 ## - PUBLICACIÓN, DISTRIBUCIÓN, ETC. | |
| Lugar de publicación, distribución, etc. | México |
| 300 ## - DESCRIPCIÓN FÍSICA | |
| Extensión | 137-168 |
| 362 0# - FECHAS DE PUBLICACIÓN Y/O DESIGNACIÓN SECUENCIAL | |
| Fecha de publicación y/o designación secuencial | 2001 No. 39, ago. |
| 653 0# - TERMINO DE INDIZACION - NO CONTROLADO | |
| Término no controlado | RELACIONES SOCIALES |
| 653 0# - TERMINO DE INDIZACION - NO CONTROLADO | |
| Término no controlado | INVESTIGACION SOCIOLOGICA |
| 653 0# - TERMINO DE INDIZACION - NO CONTROLADO | |
| Término no controlado | INTERACCION |
| 856 ## - LOCALIZACIÓN Y ACCESO ELECTRÓNICOS | |
| Nombre del host | http://argumentos.xoc.uam.mx/BUSQUEDA.php?indice=AUTOR&terminos=Mart%C3%ADnez%20Escamilla,%20V%C3%ADctor%20Hugo&pagina=1&indice_resultados=0 |
| 905 ## - TIPO DE MATERIAL | |
| Tipo de material | Articulo |
No items available.
